Challenges associated with the use of Sybrin System as an EDRMS at a commercial banking institution in Zimbabwe / (Record no. 172774)

MARC details
000 -LEADER
fixed length control field 01406nam a2200289 4500
003 - CONTROL NUMBER IDENTIFIER
control field NUST
005 - DATE AND TIME OF LATEST TRANSACTION
control field 20260417151922.0
008 - FIXED-LENGTH DATA ELEMENTS--GENERAL INFORMATION
fixed length control field 260417b |||||||| |||| 00| 0 eng d
040 ## - CATALOGING SOURCE
Original cataloging agency NUST
Language of cataloging eng
Transcribing agency NUST
Modifying agency NUST
Description conventions rda
050 ## - LIBRARY OF CONGRESS CALL NUMBER
Classification number Z699DZV
100 ## - MAIN ENTRY--PERSONAL NAME
Personal name Dzvene, Simbarashe.
Relator term Author.
245 ## - TITLE STATEMENT
Title Challenges associated with the use of Sybrin System as an EDRMS at a commercial banking institution in Zimbabwe /
Statement of responsibility by Simbarashe Dzvene.
260 ## - PUBLICATION, DISTRIBUTION, ETC.
Place of publication, distribution, etc. Bulawayo, Zimbabwe :
Name of publisher, distributor, etc. National University of Science and Technology ,
Date of publication, distribution, etc. ©2021.
300 ## - PHYSICAL DESCRIPTION
Extent xiii, 100 pages :
Dimensions 31 cm.
Other physical details Illustrations ;
336 ## - CONTENT TYPE
Source rdacontent
Content type term text
Content type code txt
337 ## - MEDIA TYPE
Source rdamedia
Media type term unmediated
Media type code n
338 ## - CARRIER TYPE
Source rdacarrier
Carrier type term volume
Carrier type code nc
500 ## -
Typescript A research project submitted to the National University of Science and Technology in partial fulfilment of the Master of Science degree in Records and Archives Management.
501 ## - STUDY LEVEL
-- (MSc in Records and Archives Management) National University of Science and Technology, 2021.
504 ## - BIBLIOGRAPHY, ETC. NOTE
Bibliography, etc. note Includes bibliographical references.
650 ## - SUBJECT ADDED ENTRY--TOPICAL TERM
Topical term or geographic name entry element Electronic Document and Records Management Systems (EDRMS)
Geographic subdivision Zimbabwe.
650 ## - SUBJECT ADDED ENTRY--TOPICAL TERM
Topical term or geographic name entry element Sybrin System
General subdivision Case studies.
650 ## - SUBJECT ADDED ENTRY--TOPICAL TERM
Topical term or geographic name entry element Commercial banks
General subdivision Records management
Geographic subdivision Zimbabwe.
650 ## - SUBJECT ADDED ENTRY--TOPICAL TERM
Topical term or geographic name entry element Information systems
General subdivision Implementation challenges.
700 ## - ADDED ENTRY--PERSONAL NAME
Personal name Dr O Wutete.
Relator term Supervisor.
942 ## - ADDED ENTRY ELEMENTS (KOHA)
Source of classification or shelving scheme Library of Congress Classification
Suppress in OPAC No
Koha item type 3-Hour Loan Material
Classification part Z699DZV
Call number prefix Z
Call number suffix DZV
999 ## -
-- 172774
-- 172774
Holdings
Withdrawn status Lost status Source of classification or shelving scheme Damaged status Not for loan Collection Home library Current library Shelving location Date acquired Total Checkouts Full call number Barcode Date last seen Accession number Price effective from Koha item type
    LCC     NFIC MAIN MAIN GEN 04/17/2026   Z699DZV 92004052153 04/17/2026 SC22/1262 04/17/2026 3HOUR